Quality of Sheffield and South Yorkshire

Uložené v:
Podrobná bibliografia
Médium: Seriál
Jazyk:English
Vydavateľské údaje: Sheffield Chamber of Commerce 1985
Tagy: Pridať tag
Žiadne tagy, Buďte prvý, kto otaguje tento záznam!

MARC

LEADER 00000nas2a2200000 4500
001 s106035
005 20250730114158.5
041 0 |a eng 
044 |a GB 
245 1 0 |a Quality of Sheffield and South Yorkshire 
264 1 |a Sheffield  |b Chamber of Commerce  |c 1985 
300 |a 1 zv. 
773 0 |w eu_un_cat*s120612